London voted Europe's best city (Record no. 71421)
[ view plain ]
| 000 -LEADER | |
|---|---|
| fixed length control field | 01045cam a2200241 4500 |
| 001 - CONTROL NUMBER | |
| control field | WB3839-03 |
| 008 - FIXED-LENGTH DATA ELEMENTS--GENERAL INFORMATION | |
| fixed length control field | 021023n2002 000 0 eng u |
| 035 ## - SYSTEM CONTROL NUMBER | |
| System control number | (Sirsi) u120225 |
| 245 ## - TITLE STATEMENT | |
| Title | London voted Europe's best city |
| 260 ## - PUBLICATION, DISTRIBUTION, ETC. | |
| Date of publication, distribution, etc. | 2002 |
| 490 ## - SERIES STATEMENT | |
| Series statement | London First Centre News Release |
| Volume/sequential designation | 17 October 2002, (2) |
| 520 ## - SUMMARY, ETC. | |
| Summary, etc. | London has again been voted Europe's leading location for business by the European Cities Monitor 2002 which is the annual survey from Cushman & Wakefield, Healey & Baker. London rated first in seven out of 12 key criteria including, availability of qualified staff, external transport links and availability of office space. For the London First News Release: http://www.lfc.co.uk/press_centre/newsreleasedetail.asp?L2=40&NewsReleaseId=1710 |
| 590 ## - LOCAL NOTE (RLIN) | |
| Local note | WB |
| 650 ## - SUBJECT ADDED ENTRY--TOPICAL TERM | |
| Topical term or geographic name entry element | LONDON |
| 650 ## - SUBJECT ADDED ENTRY--TOPICAL TERM | |
| Topical term or geographic name entry element | BUSINESS CENTRE |
| 650 ## - SUBJECT ADDED ENTRY--TOPICAL TERM | |
| Topical term or geographic name entry element | CUSHMAN & WAKEFIELD |
| 650 ## - SUBJECT ADDED ENTRY--TOPICAL TERM | |
| Topical term or geographic name entry element | OFFICE SPACE |
| 650 ## - SUBJECT ADDED ENTRY--TOPICAL TERM | |
| Topical term or geographic name entry element | TRANSPORT LINKS |
| 650 ## - SUBJECT ADDED ENTRY--TOPICAL TERM | |
| Topical term or geographic name entry element | PARIS |
| 650 ## - SUBJECT ADDED ENTRY--TOPICAL TERM | |
| Topical term or geographic name entry element | FRANKFURT |
| 690 ## - LOCAL SUBJECT ADDED ENTRY--TOPICAL TERM (OCLC, RLIN) | |
| Topical term or geographic name as entry element | MANAGEMENT-BUSINESS MANAGEMENT |
| 942 ## - ADDED ENTRY ELEMENTS (KOHA) | |
| Suppress in OPAC | 0 |
| Withdrawn status | Lost status | Source of classification or shelving scheme | Damaged status | Not for loan | Home library | Current library | Shelving location | Date acquired | Total Checkouts | Full call number | Barcode | Date last seen | Copy number | Price effective from | Koha item type |
|---|---|---|---|---|---|---|---|---|---|---|---|---|---|---|---|
| Dewey Decimal Classification | London | London | News article | 23/10/2002 | WB3839-03 | 120225-1001 | 06/08/2019 | 1 | 06/08/2019 | News article |